Total recall : the ultimate guide to memory management
| Main Author: | |
|---|---|
| Format: | Book |
| Published: |
Berkeley :
Osborne McGraw-Hill ,
1993
|
| Subjects: |
MARC
| LEADER | 00000cam a2200000 7i4500 | ||
|---|---|---|---|
| 001 | 0000003034 | ||
| 002 | 000003286 | ||
| 005 | 20000330.0 | ||
| 020 | |a 0078818354 | ||
| 090 | 0 | 0 | |a 004.53 |b SAX |
| 100 | 1 | |a Saxer, Gary | |
| 245 | 1 | 0 | |a Total recall : |b the ultimate guide to memory management |c Gary Saxer |
| 260 | |a Berkeley : |b Osborne McGraw-Hill , |c 1993 | ||
| 300 | |a 221p. ; |c 23cm. | ||
| 650 | 0 | 0 | |a Total recall |
| 999 | |a 035811 |b BUKU |c PINJAMAN |e PERPUSTAKAAN KOMUNITI PETALING JAYA | ||
| 999 | |a 035812 |b BUKU |c PINJAMAN |e PERPUSTAKAAN KOMUNITI PETALING JAYA | ||